| 000 | 00355nam a22001337a 4500 | ||
|---|---|---|---|
| 005 | 20240708114259.0 | ||
| 008 | 240708b |||||||| |||| 00| 0 eng d | ||
| 041 | _aeng | ||
| 100 |
_aKOTHARI, ATUL EVAM DR. CHANDKIRAN _98449 |
||
| 245 | _aUCCH SHIKSHA BHARTIYA DRISTI | ||
| 260 |
_aNEW DELHI _bSHIKSHA SANSKRITI UTTHAN NYAS |
||
| 300 | _a96,P | ||
| 942 | _cBK | ||
| 999 |
_c8559 _d8557 |
||